| 000 | 00804nam a2200265Ia 4500 | ||
|---|---|---|---|
| 003 | OSt | ||
| 005 | 20220928121410.0 | ||
| 006 | a|||||r|||| 00| 0 | ||
| 007 | ta | ||
| 008 | 220927b |||||||| |||| 00| 0 eng d | ||
| 020 | _c2131.7336 | ||
| 024 | _a119324 | ||
| 037 |
_b109, 28/08/2013, Classic Book Service _cTextual |
||
| 040 |
_aSDCL _cSDCL _beng |
||
| 041 |
_2eng _aeng |
||
| 082 | _aY8.2P, Q3 | ||
| 100 |
_aChoudry Aziz _9451931 |
||
| 245 | 0 |
_aNGOization _b Complicity,contradictions and prospects. |
|
| 260 |
_aLondon _bZed Books _c2013 |
||
| 300 |
_axii;236p. _ccm. |
||
| 650 | _aPolitical Science | ||
| 700 |
_a Kapoor Dip Ed. _9451932 |
||
| 942 |
_hY8.2P, Q3 _cTEXL _2CC |
||
| 999 |
_c765925 _d765925 |
||